• 首页
  • 本馆介绍
  • 公告通知
  • 最新文献
  • 馆藏检索
  • 电子资源
  • 读者导购
  • 参考咨询
  • 我的图书馆
  • 登录
  • 详细信息显示
  • 放入我的书架
  • 预约/预借图书
  • 作者相关作品
  • 分类相关作品
  • 丛书相关作品
  • 出版社相关作品

书目信息

  • 表格格式
  • 工作单格式
  • 卡片格式
题名:
结晶学与矿物学
    
 
作者: 李胜荣 编著
分册:  
出版信息: 北京   地质出版社  2008
页数: XII, 346页
开本: 26cm
丛书名:
单 册:
中图分类: O7 , P57
科图分类:
主题词: 晶体学--jing ti xue--高等教育--教材 , 矿物学--kuang wu xue--高等教育--教材
电子资源:
ISBN: 978-7-116-05679-4
000 00980nam0 2200277 45
001 012001002826
005 20131015170102.0
010    @a978-7-116-05679-4@dCNY40.00
099    @aCAL 012008114608
100    @a20080618d2008 ekmy0chiy0121 ea
101 0  @achi
102    @aCN@b110000
105    @aak z 000yy
106    @ar
200 1  @a结晶学与矿物学@Ajie jing xue yu kuang wu xue@f李胜荣 ... [等] 编著
210    @a北京@c地质出版社@d2008
215    @aXII, 346页@c图@d26cm
300    @a普通高等教育“十一五”国家级规划教材
330    @a本书在重视基础理论、基础知识和基本技能及教材系统性的前提下,尽可能反映了现代矿物学向地球深部和宇宙空间拓展的前缘成果,突出表现了矿物晶体化学特别是晶体结构对矿物晶体属性的约束。
606 0  @a晶体学@Ajing ti xue@x高等教育@j教材
606 0  @a矿物学@Akuang wu xue@x高等教育@j教材
690    @aO7@v4
690    @aP57@v4
701  0 @a李胜荣@Ali sheng rong@4编著
801  0 @aCN@b北京卓展@c20191020
905    @b1205890-3@dO7@e18@f4
    
    结晶学与矿物学/李胜荣 ... [等] 编著.-北京:地质出版社,2008
    XII, 346页:图;26cm
    普通高等教育“十一五”国家级规划教材
    
    ISBN 978-7-116-05679-4:CNY40.00
    本书在重视基础理论、基础知识和基本技能及教材系统性的前提下,尽可能反映了现代矿物学向地球深部和宇宙空间拓展的前缘成果,突出表现了矿物晶体化学特别是晶体结构对矿物晶体属性的约束。
●
相关链接 在E读中查询图书 在五车中查询图书 在当当中查询图书 在豆瓣中查询图书


正题名:结晶学与矿物学     索取号:O7/18         预约/预借

序号 登录号 条形码 馆藏地/架位号 状态 备注
1 1205890   212058903   第二样本阅览室/ [索取号:O7/18] 在馆    
2 1205891   212058912   第三借阅区/ [索取号:O7/18] 在馆    
3 1205892   212058921   第三借阅区/ [索取号:O7/18] 在馆    
4 1205893   212058930   第三借阅区/ [索取号:O7/18] 在馆    
唐山师范学院图书馆 欢迎您!
大连网信软件有限公司© 版权所有